000 00468cam a22002051 4500
001 sa 63003593
003 DLC
005 20260227111943.0
008 881028s1962 xx 000 0 hino
010 _asa 63003593
035 _a(OCoLC)23538457
040 _aDLC
_cMiU
_dDLC
042 _apremarc
050 0 0 _aPZ90.B4
_bB6
100 1 _aBose, Buddhadeva.
245 1 0 _aElomelo.
260 _c[1962]
300 _a96 p.
_billus.
_c22 cm.
500 _aRomanized.
999 _c55186
_d55186